Indian Prime Ministers Quiz - Statistics

General Stats
  • This quiz has been taken 1,016 times
  • The average score is 11 of 16
Answer Stats
Term Prime Minister % Correct
1966-1977 Indira Gandhi
97%
1980-1984 Indira Gandhi
97%
1947-1964 Jawaharlal Nehru
97%
2014- Narendra Modi
97%
1984-1989 Rajiv Gandhi
92%
2004-2014 Manmohan Singh
90%
1996 Atal Bihari Vajpayee
70%
1998-2004 Atal Bihari Vajpayee
70%
1989-1990 V.P Singh
68%
1979-1980 Charan Singh
67%
1964-1966 Lal Bahadur Shastri
62%
1991-1996 P.V Narasimha Rao
53%
1977-1979 Morarji Desai
48%
1996-1997 H.D Deve Gowda
41%
1997-1998 I.K Gujral
37%
1990-1991 Chandra Sekhar
19%
No matching quizzes found
Score Distribution
Percent of People with Each Score
Percentile by Number Answered
Your Score History
You have not taken this quiz